| 000 | 00744nam a2200217 i 4500 | ||
|---|---|---|---|
| 001 | 108309 | ||
| 003 | ES-MaACL | ||
| 005 | 20250921063030.0 | ||
| 007 | t| | ||
| 008 | 061121s1983 sp r ||||1| spa d | ||
| 020 | _a84-375-0228-4 | ||
| 100 | 1 |
_aMommsen, Theodor, _d1817-1903 _982081 |
|
| 245 | 1 | 3 |
_aEl mundo de los césares / _cTheodor Mommsen ; versión de Wenceslao Roces. |
| 260 |
_aMadrid : _bFondo de Cultura Económica, _c1983. |
||
| 300 |
_aXVI, 766 p., 7 lám : _bretr. autor ; _c24 cm. |
||
| 650 | 0 | 7 |
_aCivilización romana _2embne _911103 |
| 651 | 4 |
_aRoma- _xHistoria- _y30 a.C.-284 d.C., Alto Imperio. _99318 |
|
| 700 | 1 |
_aRoces, Wenceslao, _d1897-1992 _998039 |
|
| 852 |
_aES-MaACL _jL-6364 |
||
| 999 |
_c108309 _d108309 |
||